All countries from north to south, by southernmost point - Statistics

General Stats
  • This quiz has been taken 590 times
  • The average score is 126 of 196
Answers on the Map
Answers color-coded by a green-red scale on the quiz's map according to % correct below.
 
Answer Stats
Lat Country % Correct
59°30'N F Finland
100%
63°17'N I Iceland
100%
57°57'N N Norway
99%
57°31'N E Estonia
98%
51°15'N B Belarus
97%
54°34'N D Denmark
97%
51°23'N I Ireland
97%
53°54'N L Lithuania
97%
55°20'N S Sweden
97%
55°40'N L Latvia
96%
49°52'N U United Kingdom
96%
49°30'N B Belgium
94%
49°00'N P Poland
94%
48°33'N C Czechia
93%
49°27'N L Luxembourg
92%
46°23'N A Austria
91%
47°17'N G Germany
91%
47°44'N S Slovakia
91%
45°45'N H Hungary
90%
47°03'N L Liechtenstein
90%
45°50'N S Switzerland
90%
45°28'N M Moldova
88%
45°25'N S Slovenia
88%
44°23'N U Ukraine
88%
42°34'N B Bosnia and Herzegovina
85%
41°41'N C Canada
85%
42°23'N C Croatia
85%
41°48'N K Kosovo
85%
41°51'N M Montenegro
85%
43°38'N R Romania
85%
43°54'N S San Marino
85%
42°13'N S Serbia
85%
41°15'N B Bulgaria
84%
41°34'N M Mongolia
84%
41°54'N V Vatican City
84%
42°26'N A Andorra
83%
41°03'N G Georgia
83%
40°34'N K Kazakhstan
83%
39°10'N K Kyrgyzstan
83%
43°44'N M Monaco
83%
41°11'N R Russia
83%
36°40'N T Tajikistan
83%
35°49'N T Turkey
83%
37°11'N U Uzbekistan
83%
39°39'N A Albania
82%
38°50'N A Armenia
82%
38°24'N A Azerbaijan
82%
35°30'N I Italy
82%
37°40'N N North Korea
82%
34°49'N G Greece
81%
29°11'N J Jordan
81%
28°32'N K Kuwait
81%
40°52'N N North Macedonia
81%
35°09'N T Turkmenistan
81%
34°34'N C Cyprus
80%
29°04'N I Iraq
80%
29°30'N I Israel
80%
35°47'N M Malta
80%
24°28'N Q Qatar
80%
32°19'N S Syria
80%
29°23'N A Afghanistan
79%
25°04'N I Iran
79%
33°03'N L Lebanon
79%
30°03'N P Portugal
79%
33°06'N S South Korea
79%
30°15'N T Tunisia
79%
25°34"N B Bahrain
78%
21°44'N E Egypt
78%
27°38'N S Spain
78%
17°42'N J Jamaica
77%
20°25'N J Japan
77%
16°39'N O Oman
77%
23°42'N P Pakistan
77%
22°38'N U United Arab Emirates
77%
18°58'N A Algeria
76%
26°43'N B Bhutan
76%
17°28'N D Dominican Republic
76%
18°01'N H Haiti
76%
19°30'N L Libya
76%
21°20'N M Morocco
76%
26°22'N N Nepal
76%
20°55'N B Bahamas
75%
19°50'N C Cuba
75%
20°35'N B Bangladesh
74%
16°56'N A Antigua and Barbuda
73%
17°06'N S Saint Kitts and Nevis
72%
15°53'N B Belize
71%
12°06'N Y Yemen
71%
16°23'N S Saudi Arabia
70%
15°12'N D Dominica
69%
14°43'N M Mauritania
68%
13°09'N E El Salvador
67%
13°44'N G Guatemala
67%
14°32'N M Mexico
67%
12°22'N E Eritrea
66%
12°59'N H Honduras
66%
13°55'N L Laos
66%
13°42'N S Saint Lucia
65%
14°48'N C Cape Verde
64%
12°32'N S Saint Vincent and the Grenadines
64%
12°18'N S Senegal
63%
13°03'N B Barbados
61%
10°56'N D Djibouti
61%
10°43'N N Nicaragua
61%
11°42'N N Niger
61%
13°02'N G Gambia
60%
07°51'N V Vietnam
60%
10°52'N G Guinea-Bissau
59%
06°44'N I India
59%
10°09'N M Mali
59%
10°23'N T Taiwan
59%
11°59'N G Grenada
58%
12°01'N N Netherlands
58%
10°03'N T Trinidad and Tobago
58%
07°27'N C Chad
57%
08°51'N C China
57%
07°11'N P Panama
57%
09°24'N B Burkina Faso
56%
07°12'N G Guinea
56%
08°41'N S Sudan
56%
05°53'N U United States
56%
09°55'N C Cambodia
55%
09°36'N M Myanmar
55%
06°14'N B Benin
54%
06°56'N S Sierra Leone
54%
06°07'N T Togo
54%
04°21'N L Liberia
53%
05°31'N C Costa Rica
52%
04°35'N P Philippines
52%
05°55'N S Sri Lanka
52%
04°44'N G Ghana
51%
04°22'N I Ivory Coast
51%
05°37'N T Thailand
51%
03°24'N E Ethiopia
49%
01°11'N G Guyana
49%
04°17'N N Nigeria
49%
02°13'N C Central African Republic
47%
03°29'N S South Sudan
47%
00°40'N V Venezuela
47%
04°00'N B Brunei
46%
01°50'N S Suriname
46%
04°34'N M Marshall Islands
45%
01°39'N C Cameroon
44%
02°47'N P Palau
44%
55°04'S A Argentina
43%
56°32'S C Chile
43%
05°00'S E Ecuador
43%
01°01'N F Federated States of Micronesia
43%
11°26'S K Kiribati
43%
00°51'N M Malaysia
43%
01°29'S U Uganda
43%
11°00'S I Indonesia
42%
04°43'S K Kenya
42%
52°37'S N New Zealand
42%
18°05'S Z Zambia
42%
22°25'S Z Zimbabwe
42%
55°03'S A Australia
41%
04°14'S C Colombia
41%
22°23'S F France
41%
03°59'S G Gabon
41%
00°33'S N Nauru
41%
11°46'S P Papua New Guinea
41%
05°02'S R Republic of the Congo
41%
02°51'S R Rwanda
41%
22°54'S B Bolivia
40%
04°28'S B Burundi
40%
09°30'S E East Timor
40%
01°28'S E Equatorial Guinea
40%
00°42'S M Maldives
40%
01°09'N S Singapore
40%
01°40'S S Somalia
40%
11°45'S T Tanzania
40%
35°02'S U Uruguay
40%
13°27'S D Democratic Republic of the Congo
39%
00°01'S S São Tomé and Principe
39%
46°59'S S South Africa
39%
20°15'S V Vanuatu
39%
21°44'S F Fiji
38%
18°21'S P Peru
38%
10°13'S S Seychelles
38%
11º47'S S Solomon Islands
38%
10°48'S T Tuvalu
38%
18°02'S A Angola
37%
26°54'S B Botswana
37%
12°25'S C Comoros
37%
26°52'S M Mozambique
37%
27°43'S P Paraguay
37%
22°21'S T Tonga
37%
30°40'S L Lesotho
36%
25°37'S M Madagascar
36%
17°07'S M Malawi
36%
14°04'S S Samoa
36%
33°45'S B Brazil
35%
27°19'S E Eswatini
35%
20°32'S M Mauritius
34%
28°58'S N Namibia
34%
No matching quizzes found
Score Distribution
Percent of People with Each Score
Percentile by Number Answered
Your Score History
You have not taken this quiz